Broken earthenware; (Record no. 770)

MARC details
000 -LEADER
fixed length control field 00766cam a22002531 4500
001 - CONTROL NUMBER
control field 1967997
003 - CONTROL NUMBER IDENTIFIER
control field GBCCL
005 - DATE AND TIME OF LATEST TRANSACTION
control field 20241126110345.0
008 - FIXED-LENGTH DATA ELEMENTS--GENERAL INFORMATION
fixed length control field 991210s1910 enk 000 0 eng d
035 ## - SYSTEM CONTROL NUMBER
System control number (OCoLC)ocn684238855
035 ## - SYSTEM CONTROL NUMBER
System control number 1967997
040 ## - CATALOGING SOURCE
Original cataloging agency YUS
Transcribing agency YUS
049 ## -
-- YUSW
082 ## - DEWEY DECIMAL CLASSIFICATION NUMBER
Classification number 177.1
Item number BEG
099 ## - LOCAL FREE-TEXT CALL NUMBER (OCLC)
Classification number Kp83
-- 907bc
100 1# - MAIN ENTRY--PERSONAL NAME
Personal name Begbie, Harold,
Dates associated with a name 1871-1929.
9 (RLIN) 1080
245 10 - TITLE STATEMENT
Title Broken earthenware;
Remainder of title a footnote in narrative to Professor William James's study in human nature "The varieties of religious experience,"
Statement of responsibility, etc. by Harold Begbie ...
250 ## - EDITION STATEMENT
Edition statement 3d ed.
260 ## - PUBLICATION, DISTRIBUTION, ETC.
Place of publication, distribution, etc. London,
Name of publisher, distributor, etc. Hodder and Stoughton,
Date of publication, distribution, etc. 1910.
300 ## - PHYSICAL DESCRIPTION
Extent 286 p.
Dimensions 20 cm.
500 ## - GENERAL NOTE
General note Also pub. under title: Twice-born men.
942 ## - ADDED ENTRY ELEMENTS (KOHA)
Source of classification or shelving scheme Dewey Decimal Classification
Koha item type Books
948 ## - LOCAL PROCESSING INFORMATION (OCLC); SERIES PART DESIGNATOR (RLIN)
Series part designator, SPT (RLIN) RECON
Holdings
Withdrawn status Lost status Source of classification or shelving scheme Damaged status Not for loan Home library Current Library Shelving location Date acquired Total checkouts Full call number Barcode Date last seen Copy number Price effective from Koha item type
    Dewey Decimal Classification     GRACE BIBLE COLLEGE GRACE BIBLE COLLEGE Philosophy and Religion 2017-03-15   177.1 BEG 002105 2025-05-01 c.1 2017-03-15 Books
© Grace Bible College Library 2025